[Event "Tournoi francophone 016 Groupe F"]
[Site "Skype"]
[Date "????.??.??"]
[Round "1.1"]
[White "Ruiz Aguilera, Juan Jesus"]
[Black "Abdulrazzaq, Mohsen"]
[Result "0-1"]
[WhiteElo "1102"]
[BlackElo "1294"]
[PlyCount "76"]

1. e4 c5 2. Nc3 d6 3. f4 Nc6 4. Nf3 e6 5. Bb5 a6 6. Bxc6+ bxc6 7. d4 d5 8. exd5
cxd5 9. dxc5 Bxc5 10. b4 Ba7 11. Rb1 Nf6 12. Kf1 Rb8 13. Nd4 a5 14. Nc6 Qc7 15.
Nxb8 Qxc3 16. bxa5 Qc4+ 17. Qe2 Qxa2 18. Rb2 Qa1 19. Qd1 Qxa5 20. Qe2 O-O 21.
Rb1 Nd7 22. Nc6 Qa4 23. Nxa7 Ba6 24. Nb5 Rb8 25. Qd1 Bxb5+ 26. Kf2 Nc5 27. Be3
Ne4+ 28. Kf3 Nc3 29. Qd2 Nxb1 30. Rxb1 Be2+ 31. Qxe2 Rxb1 32. Kf2 Qe4 33. Qa6
h5 34. Qa2 Rb8 35. Qa7 Qxc2+ 36. Kf3 Qe4+ 37. Kf2 Rb2+ 38. Kg3 Qg6+ 0-1

[Event "Tournoi francophone 016 Groupe F"]
[Site "Skype"]
[Date "????.??.??"]
[Round "1.2"]
[White "Codina, Teresa"]
[Black "Hargez, Dany"]
[Result "1-0"]
[WhiteElo "1310"]
[BlackElo "1296"]
[PlyCount "69"]

1. d4 d5 2. Nf3 Bg4 3. e3 Nf6 4. Bd3 Ne4 5. O-O f5 6. h3 Bh5 7. Nbd2 e6 8. a3
Be7 9. c4 O-O 10. Qb3 b6 11. Ne5 Nxd2 12. Bxd2 Bd6 13. cxd5 Bxe5 14. dxe5 exd5
15. Rad1 Nc6 16. f3 Nxe5 17. Bb1 Ng6 18. Bc3 Nh4 19. Rxd5 Qg5 20. Rxf5+ Kh8 21.
Rxg5 Bf7 22. Qc2 Ng6 23. h4 Bg8 24. h5 Bf7 25. h6 Rg8 26. hxg7+ Rxg7 27. Bxg7+
Kxg7 28. Qxc7 Rg8 29. Ba2 Rf8 30. Bxf7 Rxf7 31. Qc3+ Kh6 32. Rd5 Rg7 33. Kf2
Nh4 34. Rh1 Rxg2+ 35. Ke1 1-0

[Event "Tournoi francophone 016 Groupe F"]
[Site "Skype"]
[Date "????.??.??"]
[Round "1.3"]
[White "Sosa, Juan Carlos"]
[Black "Martin, Jean-Claude"]
[Result "0-1"]
[WhiteElo "1250"]
[BlackElo "1176"]
[PlyCount "120"]

1. d4 e5 2. Bf4 exf4 3. e3 fxe3 4. fxe3 d5 5. Nf3 Nf6 6. Bd3 Ng4 7. Qe2 Be7 8.
O-O O-O 9. h3 Nf6 10. Nc3 c6 11. e4 dxe4 12. Nxe4 Nxe4 13. Bxe4 Bf6 14. Qd3 g6
15. Rf2 Bh4 16. Nxh4 Qxh4 17. Raf1 Qe7 18. Re2 Be6 19. d5 Qc5+ 20. Kh2 cxd5 21.
Bxd5 Bxd5 22. Re5 Qd6 23. Qxd5 Qxd5 24. Rxd5 Nc6 25. Rd7 b6 26. c3 Rad8 27. Rc7
Rd6 28. b4 a6 29. a4 Ne5 30. c4 Nd3 31. c5 bxc5 32. bxc5 Rd4 33. Rd1 Rfd8 34.
a5 Nf2 35. Rxd4 Rxd4 36. Rc6 Rd5 37. Rxa6 Rxc5 38. Ra8+ Kg7 39. a6 Ra5 40. Kg3
Ne4+ 41. Kf3 Nc5 42. a7 Nd7 43. g4 Nb6 44. Rb8 Rxa7 45. Rxb6 Ra3+ 46. Kg2 g5
47. Rb5 h6 48. Rf5 f6 49. h4 gxh4 50. Rh5 Rg3+ 51. Kf2 Rxg4 52. Kf3 Rg3+ 53.
Kf4 Kg6 54. Rxh4 Rg5 55. Rh3 h5 56. Rh4 Rg4+ 57. Rxg4+ hxg4 58. Kxg4 f5+ 59.
Kf4 Kf6 60. Kf3 Ke5 0-1

[Event "Tournoi francophone 016 Groupe F"]
[Site "Skype"]
[Date "????.??.??"]
[Round "1.4"]
[White "Busto, Ricardo"]
[Black "Fouquereau, Andre"]
[Result "0-1"]
[WhiteElo "1191"]
[BlackElo "1313"]
[PlyCount "68"]

1. g3 Nf6 2. Bg2 d6 3. Nf3 e5 4. d3 Be7 5. O-O O-O 6. Nbd2 h6 7. b3 Bf5 8. e4
Bg6 9. Bb2 Nbd7 10. c4 c5 11. a3 a5 12. b4 cxb4 13. axb4 Qc7 14. bxa5 Rxa5 15.
Rc1 Rfa8 16. Bc3 Ra4 17. d4 exd4 18. Nxd4 Qb6 19. Qb3 Qxb3 20. N4xb3 Nc5 21.
Ra1 Nxb3 22. Nxb3 Rxa1 23. Rxa1 Rxa1+ 24. Bxa1 Nxe4 25. f3 Nc5 26. Nd2 Bd3 27.
Ne4 b6 28. Nf2 Bxc4 29. Bf1 b5 30. Bxc4 bxc4 31. Kf1 d5 32. Bd4 Nb3 33. Bc3 f5
34. Nd3 cxd3 0-1

[Event "Tournoi francophone 016 Groupe F"]
[Site "Skype"]
[Date "????.??.??"]
[Round "1.5"]
[White "Cengiz, Ali Ekber"]
[Black "Yepes Bermudez, Maribel"]
[Result "0-1"]
[WhiteElo "1265"]
[BlackElo "1287"]
[PlyCount "60"]

1. e4 d5 2. exd5 Qxd5 3. Nc3 Qa5 4. d4 Nf6 5. Bd2 c6 6. Nf3 Bf5 7. Be2 Nbd7 8.
O-O e6 9. Ne4 Qb6 10. Nxf6+ Nxf6 11. b4 Bd6 12. c4 Bxb4 13. Bxb4 Qxb4 14. a3
Qb6 15. Re1 O-O-O 16. c5 Qc7 17. Rc1 Nd5 18. Bc4 Nf6 19. Ne5 h5 20. Nf3 Bg4 21.
Re3 Bxf3 22. Rxf3 Ng4 23. Rh3 Qf4 24. Qf1 Rxd4 25. g3 Qe5 26. Re1 Qf5 27. Be2
Ne5 28. f3 Nd7 29. g4 Qxc5 30. f4 Rxf4+ 0-1

[Event "Tournoi francophone 016 Groupe F"]
[Site "Skype"]
[Date "????.??.??"]
[Round "2.1"]
[White "Abdulrazzaq, Mohsen"]
[Black "Yepes Bermudez, Maribel"]
[Result "0-1"]
[WhiteElo "1294"]
[BlackElo "1287"]
[PlyCount "74"]

1. e4 d5 2. exd5 Qxd5 3. Nc3 Qa5 4. d4 Nf6 5. Bd2 c6 6. Ne4 Qb6 7. Nxf6+ gxf6
8. Bc3 Bf5 9. Nf3 Nd7 10. Qe2 e6 11. O-O-O Qd8 12. h4 Nb6 13. d5 cxd5 14. Qb5+
Qd7 15. Qb3 Bh6+ 16. Kb1 Bg7 17. Bb5 O-O-O 18. Bxd7+ Rxd7 19. Qa3 Kb8 20. Nd2
Rc8 21. Bd4 Rdc7 22. Bxb6 Bxc2+ 23. Ka1 axb6 24. Rc1 Bh6 25. Qb4 Rc6 26. Rhe1
Bf8 27. Qf4+ e5 28. Qxf6 Rxf6 29. Rxe5 d4 30. Nf3 d3 31. Rd5 Bh6 32. Re1 Rfc6
33. g4 Bf4 34. Rd7 Ba4 35. b3 Rc1+ 36. Rxc1 Rxc1+ 37. Kb2 Bxd7 0-1

[Event "Tournoi francophone 016 Groupe F"]
[Site "Skype"]
[Date "????.??.??"]
[Round "2.2"]
[White "Fouquereau, Andre"]
[Black "Cengiz, Ali Ekber"]
[Result "1/2-1/2"]
[WhiteElo "1313"]
[BlackElo "1265"]
[PlyCount "80"]

1. e4 e5 2. Nf3 Nc6 3. c3 Nf6 4. d3 Be7 5. Be2 d5 6. O-O O-O 7. Re1 d4 8. cxd4
exd4 9. Nbd2 Ng4 10. Nf1 Bh4 11. Nxh4 Qxh4 12. Bxg4 Bxg4 13. f3 Be6 14. Bd2 Ne5
15. Qe2 c5 16. Rec1 b6 17. Be1 Qf6 18. Bg3 Ng6 19. Nd2 h5 20. e5 Qe7 21. h3 f6
22. Rf1 fxe5 23. Bxe5 Nxe5 24. Qxe5 Rf5 25. Qg3 h4 26. Qe1 Re8 27. b3 Rh5 28.
Qf2 Bf5 29. Rae1 Qd8 30. Rxe8+ Qxe8 31. Re1 Qd8 32. Re5 Rg5 33. Qe2 Kf7 34. Ne4
Bxe4 35. Rxg5 Qxg5 36. Qxe4 Qe3+ 37. Qxe3 dxe3 38. Kf1 Kf6 39. Ke2 Kf5 40. Kxe3
g5 1/2-1/2

[Event "Tournoi francophone 016 Groupe F"]
[Site "Skype"]
[Date "????.??.??"]
[Round "2.3"]
[White "Martin, Jean-Claude"]
[Black "Busto, Ricardo"]
[Result "1/2-1/2"]
[WhiteElo "1176"]
[BlackElo "1191"]
[PlyCount "51"]

1. d4 Nf6 2. c4 e5 3. dxe5 Ng4 4. Nf3 Nc6 5. Bg5 Be7 6. Bxe7 Qxe7 7. Nc3 Ngxe5
8. Nd5 Nxf3+ 9. gxf3 Qd8 10. e4 Ne7 11. Nxe7 Qxe7 12. a3 c6 13. Qd4 f6 14.
O-O-O Qe5 15. Qxe5+ fxe5 16. Bh3 Ke7 17. Rhg1 g6 18. c5 b6 19. cxb6 axb6 20.
Kb1 d6 21. Bxc8 Raxc8 22. Rd3 Rc7 23. Rc3 Rf8 24. h4 c5 25. b4 Rfc8 26. Rgc1
1/2-1/2

[Event "Tournoi francophone 016 Groupe F"]
[Site "Skype"]
[Date "????.??.??"]
[Round "2.4"]
[White "Hargez, Dany"]
[Black "Sosa, Juan Carlos"]
[Result "0-1"]
[WhiteElo "1296"]
[BlackElo "1250"]
[PlyCount "62"]

1. e4 e5 2. Nf3 Nc6 3. Bc4 Bc5 4. c3 d6 5. d4 exd4 6. cxd4 Bb6 7. O-O Nf6 8.
Bg5 h6 9. Bxf6 Qxf6 10. Nc3 Nxd4 11. Nd5 Nxf3+ 12. Qxf3 Qxf3 13. gxf3 Ba5 14.
b4 Bb6 15. e5 dxe5 16. Rae1 Bh3 17. Kh1 Bxf1 18. Rxf1 O-O-O 19. a4 Bd4 20. b5
Rhe8 21. a5 c6 22. bxc6 bxc6 23. Nb4 Rd6 24. Nd3 e4 25. Ba6+ Kc7 26. Nf4 exf3
27. Rb1 Rb8 28. Re1 Bxf2 29. Re7+ Kd8 30. Rb7 Rd1+ 31. Bf1 Rxf1# 0-1

[Event "Tournoi francophone 016 Groupe F"]
[Site "Skype"]
[Date "????.??.??"]
[Round "2.5"]
[White "Ruiz Aguilera, Juan Jesus"]
[Black "Codina, Teresa"]
[Result "0-1"]
[WhiteElo "1102"]
[BlackElo "1310"]
[PlyCount "132"]

1. e4 c5 2. Nf3 d6 3. d4 cxd4 4. Nxd4 Nf6 5. Nc3 a6 6. Bd3 e6 7. Bg5 Be7 8.
Bxf6 Bxf6 9. Be2 O-O 10. O-O Bd7 11. Bf3 Nc6 12. Nxc6 Bxc6 13. Re1 b5 14. Rb1
Rc8 15. Ne2 Ba8 16. c3 Be5 17. Nd4 Qc7 18. a4 Bxd4 19. Qxd4 Bc6 20. axb5 axb5
21. Rbd1 Rfd8 22. h3 Ra8 23. Ra1 Ra4 24. Rxa4 bxa4 25. Bd1 Ra8 26. Bc2 a3 27.
Ra1 axb2 28. Rxa8+ Bxa8 29. Qa4 Qb8 30. Qb4 Qxb4 31. cxb4 h5 32. Kf1 f6 33. h4
d5 34. exd5 Bxd5 35. g3 Ba2 36. Ke1 b1=Q+ 37. Bxb1 Bxb1 38. b5 Be4 39. b6 Bb7
40. Kd2 Kf7 41. Kc3 Ke7 42. Kc4 Kd6 43. f4 Kc6 44. Kd4 Kxb6 45. Ke3 Kc5 46. Kf2
Kd4 47. Kg1 Be4 48. Kf2 g6 49. Kg1 Ke3 50. Kh2 Bf5 51. Kg2 Bg4 52. Kh2 Ke4 53.
Kg2 Kf5 54. Kf2 e5 55. fxe5 fxe5 56. Ke3 e4 57. Kd4 Bf3 58. Ke3 g5 59. hxg5
Kxg5 60. Kf2 Kg4 61. Kg1 Kh3 62. Kf2 Kh2 63. Kf1 Kxg3 64. Kg1 h4 65. Kf1 h3 66.
Kg1 h2+ 0-1

[Event "Tournoi francophone 016 Groupe F"]
[Site "Skype"]
[Date "????.??.??"]
[Round "3.1"]
[White "Codina, Teresa"]
[Black "Abdulrazzaq, Mohsen"]
[Result "0-1"]
[WhiteElo "1310"]
[BlackElo "1294"]
[PlyCount "38"]

1. d4 Nf6 2. Nf3 d6 3. e3 g6 4. c3 Bg7 5. Bd3 e5 6. dxe5 dxe5 7. Nxe5 O-O 8.
O-O Nbd7 9. Nf3 Nc5 10. Bc2 Qxd1 11. Rxd1 Bg4 12. Nbd2 Rad8 13. h3 Bxf3 14.
Nxf3 Rxd1+ 15. Bxd1 Rd8 16. Be2 Nd3 17. b3 Ne4 18. Ba3 Nxc3 19. Kf1 Nxe2 0-1

[Event "Tournoi francophone 016 Groupe F"]
[Site "Skype"]
[Date "????.??.??"]
[Round "3.2"]
[White "Sosa, Juan Carlos"]
[Black "Ruiz Aguilera, Juan Jesus"]
[Result "1-0"]
[WhiteElo "1250"]
[BlackElo "1102"]
[PlyCount "149"]

1. d4 d5 2. Bf4 Nf6 3. Nc3 Bf5 4. Nb5 Na6 5. e3 e6 6. Bd3 Bb4+ 7. c3 Be7 8.
Bxf5 exf5 9. Nf3 Nh5 10. Bg3 O-O 11. O-O Nxg3 12. fxg3 c6 13. Na3 Bxa3 14. bxa3
Qe7 15. Qe2 Qxa3 16. Rac1 Rfe8 17. Ne5 Nc5 18. dxc5 Rxe5 19. g4 Qxc5 20. gxf5
Qxe3+ 21. Qxe3 Rxe3 22. c4 Rae8 23. cxd5 cxd5 24. Rcd1 Re2 25. a4 R8e4 26. a5
d4 27. Rd3 R2e3 28. Rfd1 Rxd3 29. Rxd3 Kf8 30. h3 Ke7 31. g4 Re3 32. Rxd4 Rxh3
33. Re4+ Kd6 34. Kg2 Rd3 35. Rb4 Rd2+ 36. Kf3 b5 37. Rxb5 Kc6 38. Rb8 g6 39.
fxg6 fxg6 40. a6 h5 41. gxh5 gxh5 42. Rb7 Rd7 43. Rb8 Re7 44. Rh8 Kb5 45. Rxh5+
Kxa6 46. Rh6+ Kb5 47. Rh5+ Kb4 48. Rh4+ Kc5 49. Rh5+ Kd4 50. Ra5 Rf7+ 51. Ke2
Re7+ 52. Kd2 Rd7 53. Kc2 a6 54. Rxa6 Rd5 55. Ra4+ Ke5 56. Kc3 Rd1 57. Ra5+ Ke4
58. Kc4 Rc1+ 59. Kb4 Rc2 60. Kb3 Rd2 61. Kc3 Re2 62. Ra8 Rf2 63. Re8+ Kd5 64.
Rd8+ Ke4 65. Rd4+ Ke3 66. Kc4 Rd2 67. Rg4 Rf2 68. Kd5 Rf4 69. Rg3+ Rf3 70. Rg4
Rf4 71. Rg5 Rf2 72. Ke5 Rf4 73. Rg3+ Rf3 74. Rg4 Rf4 75. Rxf4 1-0

[Event "Tournoi francophone 016 Groupe F"]
[Site "Skype"]
[Date "????.??.??"]
[Round "3.3"]
[White "Busto, Ricardo"]
[Black "Hargez, Dany"]
[Result "1-0"]
[WhiteElo "1191"]
[BlackElo "1296"]
[PlyCount "115"]

1. d4 d5 2. Nf3 Nf6 3. Bf4 Bf5 4. e3 Be4 5. Nbd2 e6 6. Ng5 Be7 7. f3 h6 8.
Ngxe4 dxe4 9. fxe4 Nh7 10. Qg4 Bg5 11. O-O-O Nd7 12. h4 Ndf6 13. Qg3 Nh5 14.
Qg4 N7f6 15. Qf3 Bxf4 16. exf4 Qxd4 17. Nc4 Qc5 18. g4 O-O 19. gxh5 Qxh5 20.
Be2 Qg6 21. Ne5 Qh7 22. Bd3 Rad8 23. h5 Rd4 24. Qe3 c5 25. Nf3 Ra4 26. e5 Ne4
27. Bxe4 Rxe4 28. Qxc5 Rxf4 29. Qe3 Ra4 30. Qb3 Qe4 31. Nd2 Qf4 32. Rhf1 Qg4
33. Kb1 Rb4 34. Qf3 Qd4 35. c3 Rxb2+ 36. Kxb2 Qxe5 37. Nc4 Qb5+ 38. Kc1 Qxc4
39. Kb2 Rc8 40. Rd4 Qb5+ 41. Rb4 Qe5 42. Qxf7+ Kh7 43. Qf3 a5 44. Re4 Qb5+ 45.
Kc2 Rc5 46. Qd3 Rxh5 47. Qxb5 Rxb5 48. Rxe6 h5 49. Rb1 Rxb1 50. Kxb1 g5 51. Re5
Kg6 52. Kc2 h4 53. Kd3 h3 54. Re1 g4 55. Ke3 g3 56. Kf3 g2 57. Kg3 Kh5 58. Kxh3
1-0

[Event "Tournoi francophone 016 Groupe F"]
[Site "Skype"]
[Date "????.??.??"]
[Round "3.4"]
[White "Cengiz, Ali Ekber"]
[Black "Martin, Jean-Claude"]
[Result "1-0"]
[WhiteElo "1265"]
[BlackElo "1176"]
[PlyCount "59"]

1. e4 e5 2. Nf3 Nc6 3. Bc4 Bc5 4. Nc3 Nf6 5. h3 h6 6. a3 O-O 7. O-O a6 8. b4
Bb6 9. b5 Nd4 10. Nxe5 d6 11. Nf3 axb5 12. Nxb5 Nxb5 13. Bxb5 Nxe4 14. Kh2 Bxf2
15. Bc4 Bg3+ 16. Kg1 Qf6 17. c3 Qf4 18. d3 Bh2+ 19. Nxh2 Qe5 20. dxe4 Qxc3 21.
Bxf7+ Rxf7 22. Rxf7 Kxf7 23. Qf1+ Qf6 24. Bb2 Qxf1+ 25. Rxf1+ Kg8 26. Nf3 Bd7
27. Rd1 Bc6 28. Rd4 Re8 29. Nd2 d5 30. exd5 1-0

[Event "Tournoi francophone 016 Groupe F"]
[Site "Skype"]
[Date "????.??.??"]
[Round "3.5"]
[White "Yepes Bermudez, Maribel"]
[Black "Fouquereau, Andre"]
[Result "1-0"]
[WhiteElo "1287"]
[BlackElo "1313"]
[PlyCount "75"]

1. e4 e5 2. Nf3 d6 3. c3 Nf6 4. Bd3 Be7 5. Bc2 Bg4 6. O-O O-O 7. d4 Nbd7 8. Re1
c6 9. Nbd2 Bxf3 10. Nxf3 Re8 11. Be3 Nf8 12. Qe2 Qc7 13. Rad1 Ng6 14. h3 Rad8
15. dxe5 dxe5 16. Rxd8 Rxd8 17. Qc4 b5 18. Qb3 a5 19. a4 b4 20. Ng5 Bf8 21. Nf3
Nf4 22. Qc4 c5 23. Kh2 Ne6 24. g4 Bd6 25. g5 Nh5 26. Nh4 Nhf4 27. Rg1 Ng6 28.
Nf5 Bf8 29. h4 Ne7 30. h5 Nxf5 31. exf5 Nf4 32. h6 g6 33. fxg6 Nxg6 34. Be4 Nh4
35. Rg4 Ng6 36. Rg3 Be7 37. Rf3 Rd6 38. Qxf7+ 1-0

[Event "Tournoi francophone 016 Groupe F"]
[Site "Skype"]
[Date "????.??.??"]
[Round "4.1"]
[White "Abdulrazzaq, Mohsen"]
[Black "Fouquereau, Andre"]
[Result "1-0"]
[WhiteElo "1294"]
[BlackElo "1313"]
[PlyCount "43"]

1. e4 e5 2. Nf3 Nc6 3. Bc4 h6 4. d4 d6 5. dxe5 Qe7 6. Nc3 Be6 7. Bxe6 fxe6 8.
exd6 Qxd6 9. Qxd6 Bxd6 10. Be3 O-O-O 11. Nd4 Nge7 12. Nxe6 Rd7 13. Rd1 b6 14.
Nxg7 Ne5 15. Nf5 Nxf5 16. exf5 Rf8 17. Bxh6 Rxf5 18. Nb5 Bc5 19. Be3 Bxe3 20.
fxe3 Nc6 21. Rxd7 Kxd7 22. Rf1 1-0

[Event "Tournoi francophone 016 Groupe F"]
[Site "Skype"]
[Date "????.??.??"]
[Round "4.2"]
[White "Martin, Jean-Claude"]
[Black "Yepes Bermudez, Maribel"]
[Result "0-1"]
[WhiteElo "1176"]
[BlackElo "1287"]
[PlyCount "48"]

1. d4 d5 2. c4 Nf6 3. Nc3 c6 4. Bf4 Bf5 5. e3 e6 6. a3 Nbd7 7. cxd5 cxd5 8. Rc1
Be7 9. Nb5 O-O 10. Nc7 Rc8 11. Bb5 a6 12. Bxd7 Qxd7 13. Nf3 Bd6 14. Ne5 Bxe5
15. Bxe5 Ng4 16. h3 Nxe5 17. dxe5 Rxc7 18. Rxc7 Qxc7 19. f4 Rc8 20. O-O Qc4 21.
b3 Qe4 22. Qd4 Qc2 23. Qd1 Qc3 24. Re1 Bc2 0-1

[Event "Tournoi francophone 016 Groupe F"]
[Site "Skype"]
[Date "????.??.??"]
[Round "4.3"]
[White "Hargez, Dany"]
[Black "Cengiz, Ali Ekber"]
[Result "0-1"]
[WhiteElo "1296"]
[BlackElo "1265"]
[PlyCount "47"]

1. e4 e5 2. Nf3 Nc6 3. Bc4 h6 4. c3 Nf6 5. Bd5 Ne7 6. Nxe5 Nexd5 7. exd5 d6 8.
Nc4 Nxd5 9. O-O Be7 10. Re1 O-O 11. Qf3 c6 12. d4 Be6 13. Qg3 Bh4 14. Qf3 Bg5
15. Nbd2 Nf6 16. Ne4 Nxe4 17. Qxe4 Bxc4 18. Bxg5 Qxg5 19. Re3 Bd5 20. Rg3 Bxe4
21. Rxg5 hxg5 22. f3 Bd5 23. c4 Bxc4 24. b3 0-1

[Event "Tournoi francophone 016 Groupe F"]
[Site "Skype"]
[Date "????.??.??"]
[Round "4.4"]
[White "Ruiz Aguilera, Juan Jesus"]
[Black "Busto, Ricardo"]
[Result "1/2-1/2"]
[WhiteElo "1102"]
[BlackElo "1191"]
[PlyCount "51"]

1. e4 c5 2. Nf3 e6 3. d4 cxd4 4. Nxd4 a6 5. c3 Nc6 6. Nxc6 bxc6 7. Be3 Nf6 8.
Nd2 Qc7 9. Qc2 Bb7 10. Bd3 d5 11. exd5 cxd5 12. O-O Bd6 13. Nf3 O-O 14. Rac1
Rac8 15. c4 dxc4 16. Bxc4 Qe7 17. Qe2 a5 18. Bb6 a4 19. Bb5 Nd5 20. Be3 a3 21.
bxa3 Bxa3 22. Rxc8 Rxc8 23. Ba6 Nc3 24. Qd3 Bb4 25. Bd2 Rd8 26. Qc4 1/2-1/2

[Event "Tournoi francophone 016 Groupe F"]
[Site "Skype"]
[Date "????.??.??"]
[Round "4.5"]
[White "Codina, Teresa"]
[Black "Sosa, Juan Carlos"]
[Result "0-1"]
[WhiteElo "1310"]
[BlackElo "1250"]
[PlyCount "62"]

1. d4 e5 2. dxe5 Nc6 3. Nf3 Qe7 4. e3 Nxe5 5. Nbd2 Nxf3+ 6. Nxf3 Qb4+ 7. c3 Qb6
8. Be2 d5 9. Qxd5 Be6 10. Qd1 Rd8 11. Qa4+ c6 12. O-O Nf6 13. b4 Be7 14. Bb2
O-O 15. a3 Bg4 16. Qc2 Qc7 17. Rad1 b5 18. h3 Bh5 19. Rd2 a6 20. Rfd1 c5 21.
Ba1 c4 22. a4 Bg6 23. Qa2 Ne4 24. Rxd8 Rxd8 25. Rxd8+ Qxd8 26. Nd4 Bf6 27. axb5
axb5 28. Qa5 Qd5 29. Bf3 h5 30. Bb2 Bd8 31. Qb6 Bxb6 0-1

[Event "Tournoi francophone 016 Groupe F"]
[Site "Skype"]
[Date "????.??.??"]
[Round "5.1"]
[White "Sosa, Juan Carlos"]
[Black "Abdulrazzaq, Mohsen"]
[Result "1-0"]
[WhiteElo "1250"]
[BlackElo "1294"]
[PlyCount "101"]

1. d4 Nf6 2. Nc3 g6 3. Bf4 Bg7 4. e4 d6 5. e5 dxe5 6. Bxe5 Nbd7 7. Bf4 O-O 8.
Bc4 c6 9. Nf3 Nb6 10. Bb3 a5 11. O-O a4 12. d5 axb3 13. dxc6 Qxd1 14. Rfxd1
bxc2 15. Rdc1 Bf5 16. cxb7 Rab8 17. Bxb8 Rxb8 18. Nd4 Nfd5 19. Nxd5 Nxd5 20.
Nxf5 Bxb2 21. Rxc2 Rxb7 22. Rb1 gxf5 23. Rcxb2 Rxb2 24. Rxb2 Kg7 25. Rb5 Nc3
26. Rxf5 Nxa2 27. g4 Nc3 28. f4 Ne2+ 29. Kf2 Nd4 30. Rg5+ Kf6 31. h4 Ne6 32.
Rf5+ Kg7 33. g5 Kg6 34. Re5 Nxf4 35. Rxe7 Ne6 36. Kf3 Kh5 37. Kg3 Kg6 38. Kg4
Kg7 39. Kf5 h6 40. g6 Nd4+ 41. Ke4 Kf6 42. Rxf7+ Kxg6 43. Rf4 Ne6 44. Rf5 h5
45. Ke5 Ng7 46. Rf6+ Kh7 47. Kf4 Kh8 48. Kg5 Kh7 49. Rf7 Kg8 50. Kg6 Ne8 51.
Rh7 1-0

[Event "Tournoi francophone 016 Groupe F"]
[Site "Skype"]
[Date "????.??.??"]
[Round "5.2"]
[White "Busto, Ricardo"]
[Black "Codina, Teresa"]
[Result "1-0"]
[WhiteElo "1191"]
[BlackElo "1310"]
[PlyCount "47"]

1. d4 d5 2. Bf4 Nf6 3. e3 e6 4. Nf3 Nbd7 5. Nbd2 Be7 6. Bd3 Nh5 7. Bg3 Nxg3 8.
hxg3 b6 9. Ne5 Bb7 10. Qg4 g5 11. f4 Nf6 12. Qe2 gxf4 13. gxf4 Qd6 14. Ng4
O-O-O 15. O-O-O Kb8 16. Nh6 Rc8 17. Nxf7 Qb4 18. Nxh8 Rxh8 19. Qe1 Qa5 20. Nb3
Qxa2 21. Qc3 Rg8 22. Rhg1 h5 23. Kd2 Ng4 24. Ra1 1-0

[Event "Tournoi francophone 016 Groupe F"]
[Site "Skype"]
[Date "????.??.??"]
[Round "5.3"]
[White "Cengiz, Ali Ekber"]
[Black "Ruiz Aguilera, Juan Jesus"]
[Result "1-0"]
[WhiteElo "1265"]
[BlackElo "1102"]
[PlyCount "70"]

1. e4 e5 2. Nf3 Nc6 3. Bc4 h6 4. Nc3 d6 5. O-O Nf6 6. h3 Be7 7. a3 Be6 8. Be2
O-O 9. d3 a6 10. b4 b5 11. Be3 d5 12. exd5 Nxd5 13. Nxd5 Bxd5 14. c4 bxc4 15.
dxc4 Bxf3 16. Bxf3 Qe8 17. Qe1 Rb8 18. c5 Bf6 19. Be4 Nd4 20. Ra2 c6 21. f3 Qe6
22. Qf2 g5 23. Re1 Nf5 24. Rd2 Nxe3 25. Rxe3 Rbd8 26. g4 Be7 27. Bf5 Qf6 28.
Rxd8 Rxd8 29. Qe2 e4 30. Rxe4 Qa1+ 31. Kg2 Rd1 32. Rxe7 Rg1+ 33. Kf2 Qd4+ 34.
Re3 Rd1 35. Bd3 Kf8 1-0

[Event "Tournoi francophone 016 Groupe F"]
[Site "Skype"]
[Date "????.??.??"]
[Round "5.5"]
[White "Fouquereau, Andre"]
[Black "Martin, Jean-Claude"]
[Result "1-0"]
[WhiteElo "1313"]
[BlackElo "1176"]
[PlyCount "71"]

1. e4 e5 2. Nf3 Nc6 3. c3 Nf6 4. Qc2 Bc5 5. h3 d6 6. Be2 O-O 7. O-O a6 8. d3 h6
9. Be3 Bxe3 10. fxe3 Be6 11. Nbd2 d5 12. Rad1 dxe4 13. Nxe4 Nxe4 14. dxe4 Qe7
15. b3 Rad8 16. Rd2 Rxd2 17. Nxd2 Qg5 18. Rf3 b5 19. Nf1 Qe7 20. Nh2 f6 21. Rg3
Kh8 22. Bg4 Bxg4 23. Nxg4 h5 24. Nh2 g5 25. Rf3 h4 26. Rf5 Kg7 27. Qf2 Qe6 28.
Ng4 Ne7 29. Rf3 c5 30. g3 a5 31. gxh4 gxh4 32. Qxh4 Rh8 33. Qxf6+ Qxf6 34. Nxf6
Kg6 35. Ng4 Kg7 36. Nxe5 1-0

[Event "Tournoi francophone 016 Groupe F"]
[Site "Skype"]
[Date "????.??.??"]
[Round "6.1"]
[White "Abdulrazzaq, Mohsen"]
[Black "Martin, Jean-Claude"]
[Result "1-0"]
[WhiteElo "1294"]
[BlackElo "1176"]
[PlyCount "35"]

1. e4 e5 2. Nf3 Nc6 3. Bc4 Bc5 4. c3 Nf6 5. d4 exd4 6. cxd4 Bb4+ 7. Nc3 Bxc3+
8. bxc3 Nxe4 9. O-O Nxc3 10. Qe1+ Qe7 11. Qxc3 O-O 12. Re1 Qb4 13. Qd3 d6 14.
Bd2 Qa4 15. Bb5 Nb4 16. Qc4 Be6 17. Rxe6 Qa3 18. Bxb4 1-0

[Event "Tournoi francophone 016 Groupe F"]
[Site "Skype"]
[Date "????.??.??"]
[Round "6.2"]
[White "Hargez, Dany"]
[Black "Fouquereau, Andre"]
[Result "*"]
[WhiteElo "1296"]
[BlackElo "1313"]
[PlyCount "74"]

1. e4 e5 2. Bc4 c5 3. Nf3 d6 4. d3 Bg4 5. Bd5 Qc8 6. Bxf7+ Kxf7 7. Ng5+ Ke8 8.
f3 Bh5 9. O-O h6 10. Nh3 Nf6 11. c4 g5 12. Nc3 Bf7 13. Nd5 Nxd5 14. exd5 Be7
15. Be3 Nd7 16. b3 Nf6 17. Qd2 Nh5 18. Qf2 Nf4 19. Bxf4 gxf4 20. Rae1 Kd8 21.
d4 cxd4 22. g4 h5 23. Qg2 hxg4 24. fxg4 Bh4 25. Nf2 Kc7 26. h3 Qg8 27. Kh1 Qh7
28. Re2 Rag8 29. Ne4 Be7 30. c5 Bxd5 31. cxd6+ Kd8 32. Rc2 Bxe4 33. Qxe4 Qxe4+
34. Rg2 Rxh3+ 35. Kg1 Rgh8 36. Rc2 Rh1+ 37. Kf2 R8h2# *

[Event "Tournoi francophone 016 Groupe F"]
[Site "Skype"]
[Date "????.??.??"]
[Round "6.3"]
[White "Ruiz Aguilera, Juan Jesus"]
[Black "Yepes Bermudez, Maribel"]
[Result "1-0"]
[WhiteElo "1102"]
[BlackElo "1287"]
[PlyCount "132"]

1. e4 d5 2. exd5 Qxd5 3. Nc3 Qa5 4. d4 Nf6 5. Nf3 Bf5 6. Bb5+ c6 7. Bc4 e6 8.
O-O Nbd7 9. Bg5 h6 10. Bxf6 Nxf6 11. Nh4 Bg4 12. f3 Bh5 13. g4 Bg6 14. Nxg6
fxg6 15. Nb1 Qg5 16. Re1 O-O-O 17. Rxe6 h5 18. Qd2 Qh4 19. Qe1 Qh3 20. Qf1 Qh4
21. Qe1 Qg5 22. Re5 Qf4 23. Qe3 Qxe3+ 24. Rxe3 hxg4 25. fxg4 Nxg4 26. Be6+ Kc7
27. Bxg4 Rxd4 28. Be2 Bc5 29. Kh1 Rf4 30. Re6 g5 31. Re5 Bd6 32. Rxg5 Rf2 33.
Rxg7+ Kb6 34. Bc4 Rhxh2+ 35. Kg1 Rxc2 36. Rg5 Rc1+ 37. Bf1 Rxb2 38. Rf5 Bh2+
39. Kh1 Bg3 40. a4 Rh2+ 41. Kg1 Rb2 42. a5+ Kc7 43. a6 b6 44. Rf7+ Kb8 45. Rf8+
Kc7 46. Rf7+ Kb8 47. Rf8+ Kc7 48. Rf7+ Kd6 49. Rxa7 Bf2+ 50. Kg2 Bd4+ 51. Be2
Rxe2+ 52. Kf3 Rf2+ 53. Ke4 Re2+ 54. Kxd4 Rd1+ 55. Kc3 Rc1+ 56. Kb3 Rcc2 57. Rb7
Rb2+ 58. Kc3 Rec2+ 59. Kd3 c5 60. a7 c4+ 61. Kd4 Ra2 62. Rxb6+ Kc7 63. Ra6 Rab2
64. a8=Q c3 65. Qc6+ Kd8 66. Ra8+ Rb8 1-0

[Event "Tournoi francophone 016 Groupe F"]
[Site "Skype"]
[Date "????.??.??"]
[Round "6.4"]
[White "Codina, Teresa"]
[Black "Cengiz, Ali Ekber"]
[Result "1/2-1/2"]
[WhiteElo "1310"]
[BlackElo "1265"]
[PlyCount "100"]

1. d4 d5 2. Nf3 Nf6 3. e3 a6 4. Bd3 e6 5. b3 Bb4+ 6. Nbd2 Bc3 7. Rb1 c6 8. O-O
Nbd7 9. Ba3 b5 10. Bd6 a5 11. Qe2 Ba6 12. Rbd1 Bxd2 13. Rxd2 Ne4 14. Bxe4 dxe4
15. Ne5 Nxe5 16. dxe5 b4 17. Qg4 g6 18. Rfd1 f5 19. exf6 Qxf6 20. Qxe4 Bb7 21.
Bc5 h5 22. Qd3 Rh7 23. e4 e5 24. Qd6 Rf7 25. Qxf6 Rxf6 26. Rd7 Rf7 27. Rxf7
Kxf7 28. Rd7+ Ke8 29. Rxb7 Rd8 30. h4 Rd2 31. Re7+ Kd8 32. Re6 Rxc2 33. a3 Rxc5
34. axb4 axb4 35. Rxg6 Kd7 36. Rg5 Kd6 37. Rxh5 Rc3 38. Rh6+ Kc5 39. Rh8 Rxb3
40. Rb8 Kd4 41. h5 c5 42. h6 c4 43. h7 c3 44. h8=Q c2 45. Qd8+ Kxe4 46. Qd2
Rb1+ 47. Kh2 c1=Q 48. Qxc1 Rxc1 49. Rxb4+ Kf5 50. f3 Rc2 1/2-1/2